Szolgálat és építőmunka Interjú Mákos Istvánnal, a Munkásőrség Csongrád megyei parancsnokával /

Elmentve itt :
Bibliográfiai részletek
Szerző: Halász Miklós
Dokumentumtípus: Cikk
Megjelent: 1977-01-18
Sorozat:Délmagyarország 67 No. 14
Kulcsszavak:Mákos István, munkásőrség
Online Access:http://dmarchiv.bibl.u-szeged.hu/97156
LEADER 00547nab a2200157 i 4500
001 delm97156
005 20190605120024.0
008 190605s1977 hu o 0|| hun d
040 |a SZTE Délmagyarország Archívum  |b hun 
041 |a hun 
100 1 |a Halász Miklós 
245 1 0 |a Szolgálat és építőmunka   |h [elektronikus dokumentum] :  |b Interjú Mákos Istvánnal, a Munkásőrség Csongrád megyei parancsnokával /  |c  Halász Miklós 
260 |c 1977-01-18 
300 |a 3 
490 0 |a Délmagyarország  |v 67 No. 14 
695 |a Mákos István, munkásőrség